[Event "59. BEM 2005"]
[Site "Dortmund"]
[Date "2005.03.15"]
[Round "8"]
[White "Raabe, Heinz"]
[Black "Noori, Mir Ahmad"]
[Result "1-0"]
[WhiteElo "1858"]
[BlackElo "1627"]
[PlyCount "47"]
[EventDate "2005.??.??"]
[Source "SG Dortmund"]
[SourceDate "2004.12.16"]

1. d4 e6 2. c4 g6 3. Nc3 Bg7 4. e4 Ne7 5. f3 d6 6. Be3 c6 7. Bd3 e5 8. d5 c5 9.
Nge2 f5 10. f4 a6 11. O-O O-O 12. fxe5 Bxe5 13. Bg5 Bf6 14. Qd2 Bd7 15. Bxf6
Rxf6 16. Qg5 Qf8 17. exf5 Bxf5 18. Bxf5 Rxf5 19. Rxf5 Nxf5 20. Rf1 Qc8 21. Ne4
b5 22. Nf4 Ng7 23. Nf6+ Kf7 24. Nxh7 1-0

[Event "59. BEM 2005"]
[Site "Dortmund"]
[Date "2005.03.15"]
[Round "8"]
[White "Grube, Jörg"]
[Black "Riemann, Kai"]
[Result "1-0"]
[WhiteElo "1819"]
[BlackElo "1593"]
[PlyCount "153"]
[EventDate "2005.??.??"]
[Source "SG Dortmund"]
[SourceDate "2004.12.16"]

1. e4 d6 2. d4 Nf6 3. Nc3 g6 4. f3 Bg7 5. Be3 a6 6. h4 h5 7. Qd2 b5 8. Nh3 Bxh3
9. Rxh3 Nbd7 10. Be2 c5 11. d5 b4 12. Nd1 Qc8 13. Kf1 Rb8 14. Nf2 a5 15. Rd1
Ng8 16. b3 Ne5 17. Rg3 c4 18. f4 cxb3 19. cxb3 Nd7 20. Bd4 Bxd4 21. Qxd4 Ngf6
22. e5 dxe5 23. fxe5 Nh7 24. e6 Ndf6 25. exf7+ Kxf7 26. Bd3 Rg8 27. d6 Qd7 28.
Bc4+ e6 29. Nd3 Ke8 30. Ne5 Qg7 31. Bxe6 Rf8 32. d7+ Nxd7+ 33. Kg1 Nxe5 34.
Bd7+ Qxd7 35. Qxe5+ Qe7 36. Qxb8+ Kf7 37. Rf3+ Nf6 38. Qb5 Qa7+ 39. Kh1 Kg8 40.
Rd6 Qe7 41. Qc4+ Kg7 42. Qd4 Rf7 43. Rf4 Qe1+ 44. Kh2 Qc3 45. Qxc3 bxc3 46. Rc4
Ng4+ 47. Kh3 Nf2+ 48. Kg3 c2 49. Rdc6 Nd3 50. Rxc2 Nb4 51. Rc7 Nxc2 52. Rxc2
Rf5 53. Rf2 Rd5 54. a4 Rd4 55. Rf3 Rb4 56. Kh3 Re4 57. g3 Rd4 58. Kg2 Rd2+ 59.
Kf1 Rc2 60. Ke1 Kh6 61. Kd1 Rg2 62. Rd3 Rf2 63. Rd5 Rf3 64. Rxa5 Rxb3 65. Rg5
Ra3 66. a5 Kg7 67. Kc2 Kf7 68. Kb2 Re3 69. a6 Re7 70. Kc3 Re8 71. Kb4 Ra8 72.
Kb5 Rb8+ 73. Kc6 Re8 74. Rd5 Kf6 75. a7 Rc8+ 76. Kb7 Re8 77. a8=Q 1-0

[Event "59. BEM 2005"]
[Site "Dortmund"]
[Date "2005.03.15"]
[Round "8"]
[White "Rzoczek, Christoph"]
[Black "Sonntag, Joachim"]
[Result "1/2-1/2"]
[WhiteElo "1607"]
[BlackElo "1757"]
[PlyCount "93"]
[EventDate "2005.??.??"]
[Source "SG Dortmund"]
[SourceDate "2004.12.16"]

1. d4 d5 2. Nd2 Nf6 3. Ngf3 Nc6 4. e3 e6 5. c4 dxc4 6. Bxc4 Be7 7. O-O O-O 8.
a3 Na5 9. Be2 a6 10. b4 Nc6 11. Bb2 b5 12. Rc1 Bb7 13. Qc2 Nd5 14. Rfd1 Rc8 15.
Ne4 Nb8 16. Nc5 Bxc5 17. dxc5 Qe7 18. Rd4 Nc6 19. Rg4 e5 20. Nh4 Qe6 21. Rg3 f5
22. Nf3 Rce8 23. Rd1 h6 24. h4 Nf6 25. Nh2 Ne4 26. Bf3 Nxg3 27. Bd5 Qxd5 28.
Rxd5 Nxb4 29. axb4 Bxd5 30. fxg3 Be4 31. Qb3+ Kh7 32. Nf3 Rd8 33. Bxe5 Rd3 34.
Qe6 Bd5 35. Qe7 Rf7 36. Qe8 Rxe3 37. Kh2 Re2 38. Kh3 Re4 39. Qd8 c6 40. Qa5 Re3
41. Bf4 Rb3 42. h5 Rb1 43. Qd8 Rh1+ 44. Nh2 Rg1 45. Nf3 Rh1+ 46. Nh2 Rb1 47.
Nf3 1/2-1/2

[Event "59. BEM 2005"]
[Site "Dortmund"]
[Date "2005.03.15"]
[Round "8"]
[White "Gegner, Michael"]
[Black "Krüger, Georg"]
[Result "0-1"]
[WhiteElo "1397"]
[BlackElo "1706"]
[PlyCount "60"]
[EventDate "2005.??.??"]
[Source "SG Dortmund"]
[SourceDate "2004.12.16"]

1. d4 d5 2. e4 dxe4 3. Nc3 Nf6 4. f3 exf3 5. Nxf3 Bg4 6. h3 Bxf3 7. Qxf3 c6 8.
Be3 g6 9. Bc4 Bg7 10. O-O O-O 11. g4 e6 12. Rf2 Nd5 13. Nxd5 exd5 14. Bd3 Na6
15. c3 Nc7 16. h4 Ne6 17. Rh2 c5 18. dxc5 d4 19. cxd4 Nxd4 20. Qh3 Qd5 21. Rf1
Nc6 22. Rd1 Rfe8 23. Re2 Bd4 24. Bxd4 Qxd4+ 25. Kf1 Qxc5 26. h5 Rxe2 27. Kxe2
Re8+ 28. Kf1 Re3 29. Qg2 Ne5 30. Be4 Qc4+ 0-1

[Event "59. BEM 2005"]
[Site "Dortmund"]
[Date "2005.03.15"]
[Round "8"]
[White "Ziemek, Gerhard"]
[Black "Raszelenberg, Patrick"]
[Result "1-0"]
[WhiteElo "1694"]
[BlackElo "1585"]
[PlyCount "65"]
[EventDate "2005.??.??"]
[Source "SG Dortmund"]
[SourceDate "2004.12.16"]

1. d4 Nf6 2. Nc3 d6 3. e4 g6 4. f4 Bg7 5. Nf3 Bg4 6. Be2 O-O 7. O-O c6 8. e5
Ne8 9. Be3 e6 10. Qe1 dxe5 11. dxe5 Nc7 12. Ne4 Nd5 13. Bc5 Nxf4 14. Bxf8 Nxe2+
15. Qxe2 Kxf8 16. Nd6 Nd7 17. Nxf7 Qb6+ 18. Kh1 Bf5 19. Nd6 Qc7 20. Nxf5 gxf5
21. Rae1 Nc5 22. Qc4 Qe7 23. Nd4 Ke8 24. b4 Ne4 25. Nxe6 Bxe5 26. Rxf5 Nd6 27.
Nc7+ Qxc7 28. Rfxe5+ Kf8 29. Qf4+ Qf7 30. Qh6+ Kg8 31. Qxd6 Rf8 32. Rg5+ Kh8
33. Qe5+ 1-0

[Event "59. BEM 2005"]
[Site "Dortmund"]
[Date "2005.03.15"]
[Round "8"]
[White "Volmer, Martin"]
[Black "Mueller, Siegfried"]
[Result "1-0"]
[WhiteElo "1772"]
[BlackElo "1434"]
[PlyCount "51"]
[EventDate "2005.??.??"]
[Source "SG Dortmund"]
[SourceDate "2004.12.16"]

1. d4 Nf6 2. c4 g6 3. Nc3 Bg7 4. e4 d6 5. f4 c5 6. d5 O-O 7. Nf3 Na6 8. a3 Nc7
9. Bd3 a6 10. a4 Bd7 11. Qe2 Rb8 12. O-O Qe8 13. e5 Nh5 14. Nh4 b5 15. g4 bxc4
16. Bxc4 dxe5 17. gxh5 exf4 18. Bxf4 Bd4+ 19. Kh1 Qc8 20. Bh6 Re8 21. hxg6 hxg6
22. Qf3 Bf6 23. Ne4 Bh3 24. Nxf6+ Kh8 25. Nxe8 Rxb2 26. Qc3+ 1-0

[Event "59. BEM 2005"]
[Site "Dortmund"]
[Date "2005.03.15"]
[Round "8"]
[White "Krause, Dieter"]
[Black "Werninghaus, Klaus-Peter"]
[Result "1-0"]
[WhiteElo "1835"]
[BlackElo "1533"]
[PlyCount "81"]
[EventDate "2005.??.??"]
[Source "SG Dortmund"]
[SourceDate "2004.12.16"]

1. d4 d5 2. Nf3 c6 3. g3 Bf5 4. Bg2 Nf6 5. O-O e6 6. Nbd2 Bd6 7. c4 O-O 8. b3
Nbd7 9. Bb2 Re8 10. Nh4 Bg6 11. Nxg6 fxg6 12. c5 Bc7 13. f4 Ng4 14. Rf3 Ndf6
15. Qc2 Ba5 16. Bc3 Bxc3 17. Rxc3 Qe7 18. b4 Nh6 19. a4 Nf5 20. Qd3 Qf7 21. Nf3
Nd7 22. Rb1 h6 23. b5 Rab8 24. Rcb3 Qf8 25. Bh3 Qf6 26. Ne5 Nxe5 27. fxe5 Qg5
28. bxc6 Re7 29. cxb7 Kh7 30. a5 h5 31. a6 Rf7 32. Rf1 Qe7 33. c6 Qc7 34. Rc3
Qa5 35. e3 Qc7 36. Qb5 Re8 37. Qc5 Rfe7 38. Bxf5 gxf5 39. Qd6 Qb8 40. Qxb8 Rxb8
41. c7 1-0

[Event "59. BEM 2005"]
[Site "Dortmund"]
[Date "2005.03.15"]
[Round "8"]
[White "Morgenroth, Hubertus"]
[Black "Sellin, Reinhard"]
[Result "1/2-1/2"]
[WhiteElo "1724"]
[BlackElo "1509"]
[PlyCount "51"]
[EventDate "2005.??.??"]
[Source "SG Dortmund"]
[SourceDate "2004.12.16"]

1. e4 c5 2. Nf3 Nc6 3. d4 cxd4 4. Nxd4 e6 5. Nc3 a6 6. Be2 d6 7. Be3 Be7 8. O-O
Nf6 9. Bf3 Bd7 10. Nxc6 Bxc6 11. Qe2 O-O 12. Rfd1 Qc7 13. Bf4 Rac8 14. Rd3 b5
15. e5 dxe5 16. Bxe5 Qb7 17. Bxc6 Qxc6 18. Rg3 b4 19. Qe3 Kh8 20. Rxg7 Rg8 21.
Rxg8+ Rxg8 22. Ne4 Rg6 23. g3 Kg8 24. Nxf6+ Bxf6 25. Bxf6 Rxf6 26. Qg5+ 1/2-1/2

[Event "59. BEM 2005"]
[Site "Dortmund"]
[Date "2005.03.15"]
[Round "8"]
[White "Duschek, Günter"]
[Black "Schaefer, Ulrich"]
[Result "1-0"]
[WhiteElo "1719"]
[BlackElo "1475"]
[PlyCount "39"]
[EventDate "2005.??.??"]
[Source "SG Dortmund"]
[SourceDate "2004.12.16"]

1. d4 Nf6 2. Bf4 e6 3. Nf3 c5 4. e3 Nc6 5. c3 cxd4 6. exd4 Be7 7. Nbd2 a6 8. a4
O-O 9. Nc4 Nd5 10. Bd2 b6 11. h4 Bb7 12. Bd3 Qc7 13. Qc1 f5 14. h5 b5 15. Nce5
Nxe5 16. Nxe5 f4 17. Qb1 Nf6 18. h6 g5 19. Bxh7+ Nxh7 20. Qg6+ 1-0

[Event "59. BEM 2005"]
[Site "Dortmund"]
[Date "2005.03.15"]
[Round "8"]
[White "Ruchay, Dietrich"]
[Black "Klein, Hans-Joachim"]
[Result "1/2-1/2"]
[WhiteElo "1460"]
[BlackElo "1709"]
[PlyCount "71"]
[EventDate "2005.??.??"]
[Source "SG Dortmund"]
[SourceDate "2004.12.16"]

1. Nf3 d5 2. d4 Bf5 3. e3 e6 4. Bd3 Bg4 5. O-O Bd6 6. h3 Bh5 7. c4 c6 8. cxd5
cxd5 9. Qa4+ Nc6 10. Nbd2 g5 11. e4 dxe4 12. Bxe4 Rc8 13. d5 exd5 14. Bxd5 Bh2+
15. Nxh2 Qxd5 16. Re1+ Nge7 17. Ndf3 f6 18. Bd2 O-O 19. Rad1 b5 20. Qa3 Qf7 21.
Bb4 Nxb4 22. Qxb4 Nc6 23. Qxb5 Qxa2 24. Qd5+ Qxd5 25. Rxd5 Rb8 26. Rc1 Nb4 27.
Rd7 Rf7 28. Rxf7 Bxf7 29. Nd4 Nd3 30. Rd1 Nxb2 31. Ra1 Nc4 32. Ng4 a5 33. Nxf6+
Kg7 34. Ne4 h6 35. Nf5+ Kh7 36. Nfd6 1/2-1/2

[Event "59. BEM 2005"]
[Site "Dortmund"]
[Date "2005.03.15"]
[Round "8"]
[White "Hansen, Jochen"]
[Black "Benke, Werner"]
[Result "0-1"]
[WhiteElo "1374"]
[BlackElo "1648"]
[PlyCount "44"]
[EventDate "2005.??.??"]
[Source "SG Dortmund"]
[SourceDate "2004.12.16"]

1. e4 e5 2. Nf3 Nc6 3. Bb5 Bc5 4. O-O Nge7 5. c3 a6 6. Ba4 O-O 7. d4 exd4 8.
cxd4 Ba7 9. Nc3 d6 10. Bg5 Bg4 11. d5 Ne5 12. Kh1 f5 13. Qe2 h6 14. Bf4 N7g6
15. Bxe5 Nxe5 16. Bd1 Qf6 17. Qd2 Rae8 18. Nxe5 Rxe5 19. Bxg4 fxg4 20. Rae1 Qh4
21. Qd3 Rf3 22. gxf3 Rh5 0-1

[Event "59. BEM 2005"]
[Site "Dortmund"]
[Date "2005.03.15"]
[Round "8"]
[White "Flierdl, Lothar"]
[Black "Merle, Peter"]
[Result "1-0"]
[WhiteElo "1634"]
[BlackElo "1486"]
[PlyCount "95"]
[EventDate "2005.??.??"]
[Source "SG Dortmund"]
[SourceDate "2004.12.16"]

1. d4 d5 2. Nf3 Nf6 3. Bg5 Nc6 4. Bxf6 exf6 5. e3 Bg4 6. a3 Be7 7. c4 dxc4 8.
Bxc4 O-O 9. O-O Bd6 10. Nbd2 a6 11. b4 Qe7 12. Qc2 Rab8 13. Rfe1 Na7 14. Bd3 g6
15. e4 c6 16. e5 Bc7 17. h3 Bxf3 18. Nxf3 fxe5 19. dxe5 Rbd8 20. Bc4 Nb5 21.
Re4 Bb6 22. Qb2 Nc7 23. Rae1 Ne6 24. Qc3 Rd7 25. Qc1 Kg7 26. Rh4 h5 27. g4 Rh8
28. g5 Rhd8 29. Rhe4 Ba7 30. h4 Bb6 31. Kg2 Ba7 32. Qc3 Bd4 33. Nxd4 Rxd4 34.
Qf3 Rxe4 35. Rxe4 Rd4 36. Qf6+ Qxf6 37. exf6+ Kf8 38. Kf3 Rd6 39. Ke3 Ke8 40.
Bxe6 fxe6 41. Rd4 Rd5 42. f4 Kf7 43. a4 b6 44. Rc4 c5 45. a5 cxb4 46. axb6 e5
47. b7 exf4+ 48. Ke4 1-0

[Event "59. BEM 2005"]
[Site "Dortmund"]
[Date "2005.03.15"]
[Round "8"]
[White "Wiemann, Peter"]
[Black "Schrimpl, Michael"]
[Result "1-0"]
[WhiteElo "1581"]
[BlackElo "1414"]
[PlyCount "45"]
[EventDate "2005.??.??"]
[Source "SG Dortmund"]
[SourceDate "2004.12.16"]

1. e4 c6 2. c3 d5 3. exd5 cxd5 4. d4 Nc6 5. Bd3 Nf6 6. Bf4 e6 7. Nf3 a6 8. Nbd2
Be7 9. O-O O-O 10. Ne5 Nxe5 11. dxe5 Nd7 12. Nb3 Re8 13. Re1 Nf8 14. Re3 Bg5
15. Qg4 Bxf4 16. Qxf4 Ng6 17. Qd4 Qg5 18. Bxg6 Qxg6 19. Rc1 Qg5 20. c4 dxc4 21.
Qxc4 b5 22. Qc6 Qd8 23. Qxa8 1-0

[Event "59. BEM 2005"]
[Site "Dortmund"]
[Date "2005.03.15"]
[Round "8"]
[White "Kartsev, Alexandr"]
[Black "Ludwig, Erwin"]
[Result "0-1"]
[WhiteElo "1494"]
[BlackElo "1437"]
[PlyCount "76"]
[EventDate "2005.??.??"]
[Source "SG Dortmund"]
[SourceDate "2004.12.16"]

1. d4 d5 2. Nf3 Nf6 3. e3 e6 4. c4 c6 5. Nc3 Be7 6. cxd5 cxd5 7. Bd3 a6 8. O-O
O-O 9. Bd2 b5 10. Qc2 h6 11. Ne5 Bb7 12. Rac1 Nbd7 13. f4 Rc8 14. Qb1 Bb4 15.
a3 Bxc3 16. Bxc3 Ne4 17. Bb4 Re8 18. Rxc8 Qxc8 19. Qd1 Nxe5 20. fxe5 Qd7 21.
Qg4 Rc8 22. Bxe4 dxe4 23. Bc5 Bd5 24. Rf6 Kh7 25. Rf4 Rg8 26. Qe2 g5 27. Rf6
Qe8 28. Qh5 Rg6 29. g4 Qg8 30. Kg2 Bc4 31. Qh3 Rxf6 32. exf6 Qb8 33. Qh5 Qg8
34. h4 gxh4 35. Qxh4 Be2 36. Kg3 Bf3 37. Kf4 Qb8+ 38. Bd6 Qxd6# 0-1

[Event "59. BEM 2005"]
[Site "Dortmund"]
[Date "2005.03.15"]
[Round "8"]
[White "Gennat, Egon L"]
[Black "Skoecz, Horst"]
[Result "0-1"]
[WhiteElo "1287"]
[BlackElo "1455"]
[PlyCount "114"]
[EventDate "2005.??.??"]
[Source "SG Dortmund"]
[SourceDate "2004.12.16"]

1. d4 d5 2. c4 Nf6 3. Nc3 c6 4. Nf3 dxc4 5. e3 b5 6. a3 e6 7. Be2 Bd6 8. O-O a5
9. e4 Bc7 10. Bg5 h6 11. Bh4 g5 12. Bg3 Bxg3 13. fxg3 a4 14. Ne5 Bb7 15. Bh5
Rh7 16. Qf3 Nbd7 17. Rad1 Qe7 18. Nxd7 Nxh5 19. Nc5 Ng7 20. g4 e5 21. Nxb7 Qxb7
22. Qf6 exd4 23. Rxd4 Qa7 24. Kh1 Ne6 25. Rd6 Qe3 26. Rfd1 Qf4 27. e5 Qxf6 28.
exf6 Rd8 29. Ne4 c5 30. Kg1 h5 31. Re1 Rxd6 32. Nxd6+ Kd7 33. Nxb5 hxg4 34. Nc3
Rh6 35. Ne4 Kc6 36. g3 Rg6 37. Nc3 Nd4 38. Re4 Rxf6 39. Rxg4 Re6 40. Rxg5 Nf3+
41. Kf2 Nxg5 42. Nxa4 Ne4+ 43. Kf3 Nd2+ 44. Kf4 Ne4 45. h4 Kb5 46. Nc3+ Nxc3
47. bxc3 Ka4 48. h5 Kxa3 49. g4 Kb3 50. g5 Kxc3 51. h6 Kd4 52. Kf5 c3 53. h7
Re8 54. Kf6 c2 55. Kxf7 Rc8 56. g6 c1=Q 57. Kg7 Qg5 0-1

[Event "59. BEM 2005"]
[Site "Dortmund"]
[Date "2005.03.15"]
[Round "8"]
[White "Baier, Jörg"]
[Black "Koch, Roland"]
[Result "1-0"]
[WhiteElo "1401"]
[BlackElo "1399"]
[PlyCount "91"]
[EventDate "2005.??.??"]
[Source "SG Dortmund"]
[SourceDate "2004.12.16"]

1. e4 e6 2. d3 Nc6 3. g3 Bc5 4. Bg2 Qf6 5. Nf3 Nge7 6. c3 d6 7. O-O h6 8. d4
Bb6 9. Nbd2 a6 10. Nc4 Ba7 11. a4 O-O 12. Qe2 Qg6 13. Nh4 Qh7 14. f4 f6 15. Kh1
g6 16. e5 d5 17. exf6 Rxf6 18. Ne5 Nd8 19. b3 c6 20. Bb2 b5 21. a5 Bb8 22. Ba3
Ra7 23. Bc5 Rb7 24. c4 Ba7 25. cxd5 cxd5 26. b4 Nec6 27. Nxc6 Nxc6 28. Bxd5
Nxd4 29. Qe5 exd5 30. Qxf6 Bxc5 31. bxc5 Ne6 32. Qxg6+ Qxg6 33. Nxg6 Nxc5 34.
Rac1 Rc7 35. Rfe1 Ne6 36. Rxc7 Nxc7 37. Ne7+ Kf7 38. Nxc8 Ne6 39. Kg2 Kf6 40.
Rc1 Nd4 41. Rd1 Nf5 42. Kf3 d4 43. Na7 b4 44. Nc6 Ne3 45. Rxd4 Nc2 46. Rxb4 1-0

[Event "59. BEM 2005"]
[Site "Dortmund"]
[Date "2005.03.15"]
[Round "8"]
[White "Rutmann, Ulrich"]
[Black "Sroka, Andreas"]
[Result "0-1"]
[WhiteElo "1379"]
[BlackElo "1230"]
[PlyCount "76"]
[EventDate "2005.??.??"]
[Source "SG Dortmund"]
[SourceDate "2004.12.16"]

1. e4 e5 2. Nf3 d6 3. Bc4 Be7 4. h3 Nf6 5. d3 O-O 6. O-O Nbd7 7. a3 Nc5 8. Nc3
Be6 9. Bxe6 Nxe6 10. Ne2 Nd7 11. Ng3 g6 12. Bh6 Re8 13. Nh2 g5 14. Nf5 f6 15.
Qg4 Kh8 16. h4 Rg8 17. hxg5 fxg5 18. c3 Rg6 19. Rfe1 Nf6 20. Qf3 Ng8 21. Ng4
Qd7 22. g3 Nf6 23. Kg2 Nxg4 24. Qxg4 Ng7 25. Bxg7+ Rxg7 26. Rh1 Rg6 27. Rh5 Rf8
28. Rah1 Rf7 29. Qh3 Bf8 30. Qg4 d5 31. Rxg5 Rxg5 32. Qxg5 dxe4 33. dxe4 Qd3
34. Nh6 Qxe4+ 35. Kg1 Qe1+ 36. Kg2 Rxf2+ 37. Kh3 Qxh1+ 38. Kg4 Qxh6 0-1

[Event "59. BEM 2005"]
[Site "Dortmund"]
[Date "2005.03.15"]
[Round "8"]
[White "Krüger, Inge"]
[Black "Schoppe, Hans-Werner"]
[Result "1/2-1/2"]
[WhiteElo "1307"]
[BlackElo "1201"]
[PlyCount "112"]
[EventDate "2005.??.??"]
[Source "SG Dortmund"]
[SourceDate "2004.12.16"]

1. d4 d5 2. c4 e6 3. Nc3 Nf6 4. Bg5 c6 5. cxd5 exd5 6. Nf3 h6 7. Bh4 g5 8. Bg3
Nbd7 9. e3 Ne4 10. Nxe4 dxe4 11. Nd2 Nf6 12. Be2 Bd6 13. Bxd6 Qxd6 14. O-O Bf5
15. Nc4 Qe7 16. Rc1 Nd5 17. a3 Rg8 18. Ne5 Nf6 19. h3 Nd7 20. Ng4 Bxg4 21. Bxg4
Nf6 22. Rc5 Nd5 23. Bf5 g4 24. Bxg4 Qg5 25. g3 Ke7 26. Qc2 f5 27. Be2 Kd6 28.
Rxd5+ cxd5 29. Qc5+ Ke6 30. Qb5 Qe7 31. Bd1 Qd6 32. Kh2 b6 33. Qe2 Qf8 34. b4
Rc8 35. Bb3 Qd6 36. Qh5 Kf6 37. Qxh6+ Rg6 38. Qh5 Rg5 39. Qe2 Rcg8 40. Rg1 Rh8
41. f4 Rgh5 42. h4 R5h7 43. Qa2 Ke6 44. Rc1 Rg8 45. b5 Ke7 46. Rc6 Qb8 47. Bxd5
Rgg7 48. Be6 Rh6 49. d5 Rxe6 50. Rxe6+ Kd7 51. Qc4 Qc8 52. Qc6+ Qxc6 53. bxc6+
Kc7 54. h5 Rh7 55. h6 b5 56. Kh3 a5 1/2-1/2

[Event "59. BEM 2005"]
[Site "Dortmund"]
[Date "2005.03.17"]
[Round "9"]
[White "Zeldin, Vitali"]
[Black "Henrichs, Thomas"]
[Result "0-1"]
[WhiteElo "1918"]
[BlackElo "2394"]
[PlyCount "82"]
[EventDate "2005.??.??"]
[Source "SG Dortmund"]
[SourceDate "2004.12.16"]

1. e4 c5 2. Nf3 d6 3. Bb5+ Nd7 4. d4 Ngf6 5. Nc3 cxd4 6. Qxd4 e5 7. Qd3 h6 8.
a4 Be7 9. O-O O-O 10. Bxd7 Bxd7 11. Rd1 a6 12. Nd2 Bg4 13. f3 Qb6+ 14. Kh1 Be6
15. Nf1 Rac8 16. a5 Qc5 17. Ne3 Rfd8 18. Ned5 Nxd5 19. exd5 Bd7 20. Bd2 f5 21.
Ra3 Rf8 22. Rb3 Rb8 23. Be3 Qc8 24. Rb6 Rf6 25. Ra1 Qe8 26. Rb4 Rf8 27. Ra3 e4
28. Qe2 exf3 29. Qxf3 g5 30. g3 Qg6 31. Ba7 Rbe8 32. Rxb7 Bc8 33. Rb4 f4 34.
gxf4 Bf6 35. Ne4 Bxb2 36. Rxb2 Rxf4 37. Qg2 Rfxe4 38. Rf3 Re1+ 39. Bg1 Bf5 40.
Qf2 Be4 41. h3 Qf5 0-1

[Event "59. BEM 2005"]
[Site "Dortmund"]
[Date "2005.03.17"]
[Round "9"]
[White "Eismont, Igor"]
[Black "Starp, Klaus"]
[Result "1-0"]
[WhiteElo "2174"]
[BlackElo "1912"]
[PlyCount "49"]
[EventDate "2005.??.??"]
[Source "SG Dortmund"]
[SourceDate "2004.12.16"]

1. d4 Nf6 2. c4 c5 3. d5 e6 4. Nc3 exd5 5. cxd5 d6 6. e4 g6 7. Bd3 Bg7 8. Nge2
O-O 9. O-O Re8 10. Bg5 a6 11. Kh1 Qc7 12. Ng3 Nbd7 13. f4 b5 14. a3 c4 15. Bc2
Nc5 16. h3 h6 17. Bxf6 Bxf6 18. e5 dxe5 19. f5 g5 20. d6 Qc6 21. Be4 Nxe4 22.
Ncxe4 Bg7 23. Qh5 Bb7 24. f6 Bf8 25. Rae1 1-0

[Event "59. BEM 2005"]
[Site "Dortmund"]
[Date "2005.03.17"]
[Round "9"]
[White "Hein, Erwin"]
[Black "Gorval, Evgueni"]
[Result "0-1"]
[WhiteElo "1966"]
[BlackElo "2121"]
[PlyCount "56"]
[EventDate "2005.??.??"]
[Source "SG Dortmund"]
[SourceDate "2004.12.16"]

1. d4 Nf6 2. c4 g6 3. Nc3 Bg7 4. e4 d6 5. f3 O-O 6. Be3 e5 7. Nge2 a6 8. Qd2
Re8 9. dxe5 dxe5 10. O-O-O Qe7 11. Nd5 Nxd5 12. cxd5 Qd6 13. Kb1 b5 14. Qa5 c5
15. Rc1 Nd7 16. b4 c4 17. Nc3 Rb8 18. Nd1 Bf8 19. Bd2 Ra8 20. a4 Nb6 21. axb5
axb5 22. Qxb5 Bd7 23. Qc5 Qb8 24. Qf2 Qa7 25. Bc3 Bxb4 26. Qb2 Na4 27. Qa2 Bxc3
28. Rxc3 Qb6+ 0-1

[Event "59. BEM 2005"]
[Site "Dortmund"]
[Date "2005.03.17"]
[Round "9"]
[White "Naundorf, Maik"]
[Black "Tkachuk, Konstantyn"]
[Result "1-0"]
[WhiteElo "2075"]
[BlackElo "1871"]
[PlyCount "97"]
[EventDate "2005.??.??"]
[Source "SG Dortmund"]
[SourceDate "2004.12.16"]

1. Nf3 Nf6 2. c4 g6 3. g3 Bg7 4. Bg2 O-O 5. O-O d6 6. d4 c6 7. Nc3 Nbd7 8. h3
Qc7 9. e4 e5 10. Be3 Re8 11. Re1 exd4 12. Nxd4 Nc5 13. Qc2 a5 14. b3 Be6 15.
Rad1 Rad8 16. f4 Bc8 17. Bf2 Re7 18. Nf3 Na6 19. a3 Rde8 20. Nd4 Nc5 21. Re2
Kh8 22. Rde1 Kg8 23. Qb1 Be6 24. Rd1 Kh8 25. Ree1 Kg8 26. e5 dxe5 27. Nxc6 bxc6
28. Bxc5 exf4 29. Bxe7 Rxe7 30. gxf4 Qxf4 31. Qd3 Rd7 32. Qe3 Qc7 33. Rxd7 Nxd7
34. Ne4 c5 35. Kh1 h6 36. Qd2 Qe5 37. Qxa5 Qh5 38. Qd8+ Kh7 39. Ng3 Qg5 40.
Qxg5 hxg5 41. Bd5 Bxd5+ 42. cxd5 Be5 43. Ne4 Kh6 44. Re2 Bd4 45. Kg2 Kh5 46.
Ng3+ Kh6 47. Re7 Ne5 48. d6 Kg7 49. Ne4 1-0

[Event "59. BEM 2005"]
[Site "Dortmund"]
[Date "2005.03.17"]
[Round "9"]
[White "Tkachuk, Sergiy"]
[Black "Kartsev, Soel"]
[Result "1/2-1/2"]
[WhiteElo "2128"]
[BlackElo "2158"]
[PlyCount "115"]
[EventDate "2005.??.??"]
[Source "SG Dortmund"]
[SourceDate "2004.12.16"]

1. e4 c5 2. Nf3 d6 3. d4 cxd4 4. Nxd4 Nf6 5. Nc3 a6 6. Bc4 e5 7. Nf3 Be7 8. Bg5
Nbd7 9. O-O b5 10. Bxf6 Nxf6 11. Bd5 Ra7 12. Bc6+ Bd7 13. Bxd7+ Qxd7 14. Qd3
O-O 15. Rfd1 Rc7 16. Rd2 Qg4 17. h3 Qf4 18. g3 Qh6 19. Kg2 g5 20. Nd5 Nxd5 21.
Qxd5 b4 22. a3 Rfc8 23. axb4 Rxc2 24. Rxa6 g4 25. hxg4 Rxd2 26. Qxd2 Qxd2 27.
Nxd2 Rc2 28. Nf1 Bg5 29. Rxd6 Rxb2 30. Rd5 f6 31. b5 Kf7 32. Kf3 Rb3+ 33. Ne3
Bxe3 34. fxe3 Kg6 35. Ke2 Kg5 36. Kf3 Kg6 37. Rc5 h6 38. Rd5 Rb4 39. Ke2 Rxe4
40. Rd8 Rb4 41. Rb8 f5 42. gxf5+ Kxf5 43. Kd3 Rb3+ 44. Kc4 Rb1 45. Kd5 Rd1+ 46.
Kc6 Ke4 47. Re8 Rc1+ 48. Kb7 Rc3 49. b6 Rxe3 50. Kc6 Rc3+ 51. Kd6 Rd3+ 52. Ke6
Rb3 53. Rb8 Rxg3 54. b7 Rb3 55. Kd6 h5 56. Kc6 Rc3+ 57. Kd6 Rb3 58. Kc6 1/2-1/2

[Event "59. BEM 2005"]
[Site "Dortmund"]
[Date "2005.03.17"]
[Round "9"]
[White "Woestmann, Ulrich"]
[Black "Hardt, Helmut"]
[Result "1-0"]
[WhiteElo "2017"]
[BlackElo "1823"]
[PlyCount "75"]
[EventDate "2005.??.??"]
[Source "SG Dortmund"]
[SourceDate "2004.12.16"]

1. e4 c6 2. d4 d6 3. Nc3 Nf6 4. f4 Bg4 5. Qd3 Na6 6. a3 Qa5 7. Rb1 e5 8. b4 Qd8
9. h3 exd4 10. hxg4 dxc3 11. g5 Nd7 12. Qxc3 c5 13. b5 Nc7 14. Nf3 d5 15. e5 d4
16. Qb3 Nb6 17. Bc4 Qd7 18. O-O Nxc4 19. Qxc4 h6 20. Re1 Be7 21. gxh6 gxh6 22.
b6 axb6 23. Rxb6 Ra4 24. Qd3 c4 25. Qe4 Nd5 26. e6 fxe6 27. Rxe6 Kd8 28. Qe5
Rh7 29. Nxd4 Kc8 30. f5 Nc7 31. Bf4 c3 32. Re4 Rc4 33. Rxe7 Rxe7 34. Qxe7 Rxd4
35. Qf8+ Qd8 36. Qxd8+ Rxd8 37. Rc4 Rd7 38. f6 1-0

[Event "59. BEM 2005"]
[Site "Dortmund"]
[Date "2005.03.17"]
[Round "9"]
[White "Kleymann, Jelena"]
[Black "Kalikhman, Grigorij"]
[Result "0-1"]
[WhiteElo "1848"]
[BlackElo "2017"]
[PlyCount "48"]
[EventDate "2005.??.??"]
[Source "SG Dortmund"]
[SourceDate "2004.12.16"]

1. e4 g6 2. d4 d6 3. Be3 Bg7 4. Nc3 Nd7 5. Qd2 Ngf6 6. Bh6 O-O 7. h4 e5 8. d5
Nc5 9. f3 Nh5 10. Nge2 a5 11. g4 Bxh6 12. Qxh6 Ng7 13. Bg2 a4 14. Ng3 Bd7 15.
g5 f5 16. h5 gxh5 17. Nxh5 Nxh5 18. Qxh5 Rf7 19. g6 Rg7 20. exf5 Qf6 21. Ne4
Qxf5 22. gxh7+ Kh8 23. Qh2 Qg6 24. Rg1 Nxe4 0-1

[Event "59. BEM 2005"]
[Site "Dortmund"]
[Date "2005.03.17"]
[Round "9"]
[White "Schultz, Bernfried"]
[Black "Hillebrand, Carsten"]
[Result "0-1"]
[WhiteElo "1717"]
[BlackElo "1941"]
[PlyCount "82"]
[EventDate "2005.??.??"]
[Source "SG Dortmund"]
[SourceDate "2004.12.16"]

1. e4 c5 2. Nf3 d6 3. d4 cxd4 4. Nxd4 Nf6 5. Nc3 a6 6. f3 e6 7. Be3 Qc7 8. a4
Be7 9. Qd2 O-O 10. Bd3 b6 11. O-O Bb7 12. Qf2 Nbd7 13. Rae1 Rfe8 14. Qg3 Rac8
15. f4 Nc5 16. f5 e5 17. Nd5 Bxd5 18. exd5 exd4 19. Bxd4 Nxd3 20. cxd3 Kh8 21.
Re4 Rg8 22. Rh4 h6 23. Qh3 Kh7 24. g4 Bf8 25. g5 Qb7 26. g6+ fxg6 27. fxg6+
Kxg6 28. Qf5+ Kf7 29. Qh5+ Ke7 30. Re1+ Kd8 31. Qg6 Qxd5 32. Bxb6+ Kd7 33. Rd4
Qg5+ 34. Qxg5 hxg5 35. Rf1 Rc6 36. Ba7 Be7 37. a5 Rh8 38. Bb6 Rh4 39. Rxh4 gxh4
40. Rf4 Nd5 41. Rxh4 Bxh4 0-1